Tim Curry Filmography - Statistics

General Stats
  • This quiz has been taken 286 times
    56 since last reset
  • The average score is 35 of 362
Answer Stats
Type Year Name % Correct
TV Mini-Series 1990 It
71%
TV Film 2016 The Rocky Horror Picture Show: Let's Do the Time Warp Again
71%
Theater 1973-1975 The Rocky Horror Show
41%
Film 1985 Clue
35%
Film 1992 Home Alone 2: Lost in New York
35%
Film 2001 Scary Movie 2
35%
TV Show 1998-2004 The Wild Thornberrys
35%
Film 1992 FernGully: The Last Rainforest
29%
Film 1996 Muppet Treasure Island
29%
Video Game 1996 Muppet Treasure Island
29%
Film 1975 The Rocky Horror Picture Show
29%
TV Film 1998 Addams Family Reunion
24%
TV Film 1985 Blue Money
24%
TV Film 1997 Doom Runners
24%
Theater 1968-1969 Hair: The American Tribal Love-Rock Musical
24%
TV Film 1999 Jackie's Back!
24%
TV Film 1985 Ligmalion: A Musical for the 80s
24%
TV Film 1982 Oliver Twist
24%
TV Film 1968 Sinking Fish Move Sideways
24%
TV Film 1992 The Steadfast Tin Soldier
24%
TV Film 1986 The Worst Witch
24%
TV Film 1975 Three Men in a Boat
24%
TV Film 1983 Video Stars
24%
TV Film 2001 Wolf Girl
24%
TV Show 1970 Ace of Wands
18%
Theater 1970 After Haggerty
18%
Theater 1980-1983 Amadeus
18%
Film 1982 Annie
18%
Film 1997 Beauty and the Beast: The Enchanted Christmas
18%
Theater 1971-1972 Cinderella
18%
Theater 1971 Danton's Death
18%
Theater 1972 England's Ireland
18%
Film 2008 Fly Me to the Moon
18%
TV Show 1995-1996 Gargoyles
18%
Theater 1970 Lie Down I Think I Love You...
18%
Theater 1971 Life of Galileo
18%
Theater 1971 Loot
18%
Theater 1985-1986 Love for Love
18%
Theater 1971 Man is Man
18%
TV Show 2004 Monk
18%
Theater 1972-1973 Once Upon a Time
18%
TV Mini-Series 2014 Over the Garden Wall
18%
TV Show 1981 Saturday Night Live
18%
Theater 1971 The Baby Elephant
18%
Film 2002 The Cat Returns
18%
TV Film 2006 The Jimmy Timmy Power Hour 2: When Nerds Collide
18%
TV Show 1992-1994 The Little Mermaid
18%
Theater 1971 The Maids
18%
Film 1995 The Pebble and the Penguin
18%
Theater 1982 The Pirates of Penzance
18%
Theater 1983 The Rivals
18%
Film 1994 The Shadow
18%
Theater 1970 The Sport of My Mad Mother
18%
TV Film 1996 The Story of Santa Claus
18%
Film 1993 The Three Musketeers
18%
Theater 1986 The ThreePenny Opera
18%
TV Film 2011 The Voyages of Young Doctor Dolittle
18%
Theater 1971 The White Devil
18%
Theater 1971 Titus Andronicus
18%
Theater 1974, 1975-1976 Travesties
18%
TV Mini-Series 1978 Will Shakespeare
18%
TV Show 1994-1997 Aaahh!!! Real Monsters
12%
Film 1997 A Christmas Carol
12%
Theater 2001 A Christmas Carol
12%
Audiobook 2010 A Christmas Carol
12%
TV Show 2009 Agatha Christie's Poirot
12%
TV Show 1994 Aladdin
12%
TV Mini-Series 2009 Alice
12%
Theater 1972 A Midsummer Night's Dream
12%
Film 2006 A Sesame Street Christmas Carol
12%
TV Mini-Series 2001 Attila
12%
Film 2013 Axel: The Biggest Little Hero
12%
Film 2012 Back to the Sea
12%
Film 2005 Bailey's Billion$
12%
Film 2009 Barbie and the Three Musketeers
12%
Film 2001 Barbie in the Nutcracker
12%
Film 1999 Bartok the Magnificent
12%
TV Show 1992 Batman: The Animated Series
12%
TV Show 2008 Ben 10: Alien Force
12%
TV Show 2013 Ben 10: Omniverse
12%
TV Pilot 1991 Big Deals
12%
TV Show 1996-1997 Bruno the Kid
12%
Film 1996 Bruno the Kid: The Animated Movie
12%
Video Game 2009 Brütal Legend
12%
Film 2010 Burke & Hare
12%
TV Show 1992 Capitol Critters
12%
TV Show 1991-1996 Captain Planet and the Planeteers
12%
Film 2000 Charlie's Angels
12%
Film 2007 Christmas in Wonderland
12%
Video Game 2008 Command & Conquer: Red Alert 3
12%
Film 1995 Congo
12%
TV Show 2010 Criminal Minds
12%
Film 2010 Curious George 2: Follow That Monkey!
12%
TV Show 1992-1994 Dinosaurs
12%
Audiobook 2012 Dracula
12%
Video Game 2009 Dragon Age: Origins
12%
TV Show 1994-1997 Duckman: Private Dick/Family Man
12%
Video Game 1997 Duckman: The Graphic Adventures of a Private Dick
12%
TV Show 1994 Earth 2
12%
TV Show 1993 Eek! The Cat
12%
TV Show 2002-2003 Family Affair
12%
TV Show 1988-1989 Fantastic Max
12%
Album 1979 Fearless
12%
TV Show 1992 Fish Police
12%
Film 2000 Four Dogs Playing Poker
12%
Video Game 1996 Frankenstein: Through the Eyes of the Monster
12%
Video Game 1993 Gabriel Knight: Sins of the Fathers
12%
Film 2006 Garfield: A Tale of Two Kitties
12%
Documentary 1999 Get Bruce
12%
Film 2013 Gingerclown
12%
Theater 1973 Give the Gaffers Time to Love You
12%
TV Show 1990 Gravedale High
12%
Theater 1986 Hamlet
12%
TV Show 1998, 2003, 2004 Hey Arnold!
12%
Short Film 2002 I, Crocodile
12%
TV Show 1970 ITV Saturday Night Theatre
12%
TV Show 1999 Johnny Bravo
12%
TV Show 1996-1999 Jumanji
12%
Film 2004 Kinsey
12%
Film 1985 Legend
12%
TV Show 1997 Lexx
12%
Film 2000 Lion of Oz
12%
TV Show 1989 Long Ago and Far Away
12%
Short Film 2017 Long Drive Home
12%
Film 1996 Lover's Knot
12%
TV Show 2000 Martial Law
12%
Film 1997 McHale's Navy
12%
Theater 1987-1988 Me and My Girl
12%
TV Show 2006-2007 Me, Eloise
12%
TV Show 1996-1997 Mighty Ducks: The Animated Series
12%
Film 2005 Monty Python's Spamalot
12%
Theater 1992-1993 My Favorite Year
12%
Documentary 2009 Mythic Journeys
12%
TV Mini-Series 1974 Napoleon and Love
12%
Film 1993 National Lampoon's Loaded Weapon 1
12%
Short Film 2007 Once Upon a Christmas Village
12%
Film 1991 Oscar
12%
TV Show 1997 Over the Top
12%
TV Show 1989-1990 Paddington Bear
12%
Film 1992 Passed Away
12%
Film 1988 Pass the Ammo
12%
Documentary 2021 Pennywise: The Story of It
12%
Film 1999 Pirates of the Plain
12%
TV Show 2007 Psych
12%
Film 2006 Queer Duck: The Movie
12%
TV Show 2012-2014 Randy Cunningham: 9th Grade Ninja
12%
Album 1978 Read My Lips
12%
TV Show 1999 Recess
12%
TV Show 2000-2001 Redwall
12%
TV Show 2009 Return to Cranford
12%
Film 2014 Ribbit
12%
TV Show 1977 Rock Follies of '77
12%
TV Show 1993 Roseanne
12%
TV Show 1999-2000 Rude Awakening
12%
Film 2003 Rugrats Go Wild!
12%
Video Game 2003 Rugrats Go Wild!
12%
Film 2000 Rugrats in Paris: The Movie
12%
TV Show 1999-2007 Saban's Xyber 9: New Dawn
12%
Video Game 2000 Sacrifice
12%
TV Show 2002 Samurai Jack
12%
Film 2013 Saving Santa
12%
Film 1999 Scooby-Doo! and the Witch's Ghost
12%
Album 1981 Simplicity
12%
TV Show 1994 Sonic the Hedgehog
12%
Film 2000 Sorted
12%
Theater 2005-2006 Spamalot
12%
TV Show 2012-2014 Star Wars: The Clone Wars
12%
Film 2012 Strange Frame
12%
Documentary 2025 Strange Journey: The Story of Rocky Horror
12%
Film 2024 Stream
12%
TV Show 1993 Tales from the Crypt
12%
TV Show 2000 Tales from the Crypt
12%
Film 2002 Tales from the Crypt Presents: Ritual
12%
TV Show 1990 TaleSpin
12%
TV Show 2001 Teacher's Pet
12%
TV Show 2002, 2003 Teamo Supremo
12%
TV Show 1997 Teen Angel
12%
TV Mini-Series 2008 Terry Pratchett's The Colour of Magic
12%
Theater 1989-1990 The Art of Success
12%
Film 2007 The Chosen One
12%
Short Film 1988 The Creation
12%
Short Film 1989 The Easter Story
12%
Short Film 1998 The First Snow of Winter
12%
TV Show 1985, 1986 The Greatest Adventure: Stories from the Bible
12%
Film 1990 The Hunt for Red October
12%
TV Short 1990 The Marzipan Pig
12%
TV Show 1995-1997 The Mask: The Animated Series
12%
TV Show 1995, 1996 The Naked Truth
12%
TV Show 1998 The Net
12%
Short Film 2010 The North Star
12%
Film 2012 The Outback
12%
Film 1983 The Ploughman's Lunch
12%
Film 1998 The Rugrats Movie
12%
Film 2002 The Scoundrel's Wife
12%
Film 2008 The Secret of Moonacre
12%
Film 1978 The Shout
12%
TV Show 1997 The Spooktacular New Adventures of Casper
12%
TV Show 1989 The Tracey Ullman Show
12%
TV Pilot 1999 The Unbelievables
12%
Concert Film 1990 The Wall - Live in Berlin
12%
Film 2002 The Wild Thornberrys Movie
12%
TV Film 2001 The Wild Thornberrys: The Origin of Donnie
12%
Film 1980 Times Square
12%
TV Show 1990 Tiny Toon Adventures
12%
TV Mini-Series 1996 Titanic
12%
Video Game 1996 Toonstruck
12%
TV Show 2012 Transformers: Rescue Bots
12%
TV Show 1994-1995 Turbocharged Thunderbirds
12%
Film 2005 Valiant
12%
TV Show 1990 Wake, Rattle and Roll
12%
Theater 2012 What About Dick?
12%
Film 2012 What About Dick?
12%
TV Show 2004 Will & Grace
12%
Video Game 1994 Wing Commander III: Heart of the Tiger
12%
TV Show 1989 Wiseguy
12%
TV Show 2013 Wonder Pets!
12%
TV Show 2012-2013 Young Justice
12%
TV Show 2000 100 Deeds for Eddie McDowd
6%
TV Show 1996 Adventures from the Book of Virtues
6%
Audiobook 2011 A Journey to the Center of the Earth
6%
Film 2010 A Turtle's Tale: Sammy's Adventures
6%
TV Show 2000 Batman Beyond
6%
TV Show 2000 Bette
6%
TV Show 1999, 2001 Big Guy and Rusty the Boy Robot
6%
Short Film 2005 Cecil
6%
TV Show 2003, 2005 ChalkZone
6%
Film TBA Dagon: Troll World Chronicles
6%
TV Short 1995 Daisy-Head Mayzie
6%
Theater 1986 Daliance
6%
TV Show 1991, 1992 Darkwing Duck
6%
TV Pilot 1992 Defenders of Dynatron City
6%
TV Show 2005 Duck Dodgers
6%
TV Show 1997 Freakazoid!
6%
Video Game 1999 Gabriel Knight 3: Blood of the Sacred, Blood of the Damned
6%
TV Show 2001 Gary & Mike
6%
TV Show 2004 Higglytown Heroes
6%
TV Show 2004, 2005 Higglytown Heroes
6%
Video Game 2004 Lemony Snicket's A Series of Unfortunate Events
6%
TV Show 2005 Loonatics Unleashed
6%
TV Show 1993-1994 Mighty Max
6%
Video Game 2007 Nicktoons: Attack of the Toybots
6%
Video Game 2005 Nicktoons Unite!
6%
TV Show 2002 Ozzy & Drix
6%
Audiobook 2006 Peter Pan
6%
TV Show 1990-1991 Peter Pan & the Pirates
6%
TV Show 2008, 2012 Phineas and Ferb
6%
TV Show 1996 Quack Pack
6%
TV Show 2010 Regular Show
6%
Film 1999 Robots of Mars
6%
Film 2008 Scooby-Doo! and the Goblin King
6%
Video Game 2002 Scooby-Doo! Night of 100 Frights
6%
TV Show 1998 Stories from My Childhood
6%
TV Show 1994-1995 Superhuman Samurai Syber-Squad
6%
Award Show 1994 The 51st Annual Golden Globe Awards
6%
TV Show 1990, 1991 The Adventures of Don Coyote and Sancho Panda
6%
TV Show 2003-2006 The Adventures of Jimmy Neutron, Boy Genius
6%
TV Show 1997 The Blues Brothers: Animated Series
6%
Theater 1986 The Duchess of Malfi
6%
Film 1998 The Easter Story Keepers
6%
TV Show 1991-1993 The Legend of Prince Valiant
6%
TV Show 1991-1993 The Pirates of Dark Water
6%
TV Show 2003 The Proud Family
6%
Theater 1986 The Real Inspector Hound
6%
TV Documentary 1999 The Titanic Chronicles
6%
TV Mini-Series 1993 The Wild West
6%
Theater 1972 Time Off? Not a Ghost of a Chance
6%
TV Show 1998-2000 Voltron: The Third Dimension
6%
TV Show 1998 Where on Earth is Carmen Sandiego?
6%
Film 2010 Wolf Sheep
6%
Theater 1986 Yonadab
6%
Short Film 1988 Abel's Island
0%
Audiobook 2003 Abhorsen
0%
Theater 1986 A Chorus of Disapproval
0%
Audiobook 1993 A Dangerous Fortune
0%
Theater 1986 Animal Farm
0%
Audiobook 1996 Anything Considered
0%
TV Show 1973 Armchair Theatre
0%
TV Show 1980 Beat-Club
0%
Audiobook 1998 Belladonna
0%
TV Show 1979 Bio's Bahnhof
0%
Theater 1986 Brighton Beach Memoirs
0%
Theater 1986 Coming in to Land
0%
Audiobook 1995 Cry to Heaven
0%
Audiobook 2010 Despicable Me: The Junior Novel
0%
TV Show 1980 Disco
0%
Audiobook 1999 Dune: House Atreides
0%
Audiobook 2001 Dune: House Corrino
0%
Audiobook 2000 Dune: House Harkonnen
0%
Film 2007 Eloise in Hollywood
0%
Theater 1994-2003 ExtraTERRORestrial Alien Encounter
0%
Audiobook 1995 Foucault's Pendulum
0%
Theater 1986 Futurists
0%
TV Show 1996 Gargoyles: The Goliath Chronicles
0%
Documentary Series 2005 Getaway
0%
TV Special 2002 I Love Muppets
0%
Theater 1986 Jacobowsky and the Colonel
0%
TV Show 2019 Jeopardy!
0%
Audiobook 1993 Jewels
0%
TV Show 2003 K10C: Kids' Ten Commandments
0%
Theater 1986 King Lear
0%
Documentary 2022 King on Screen
0%
TV Documentary 1982 Lights, Camera, Annie!
0%
Audiobook 2002 Lirael
0%
Theater 1991 Love Letters
0%
TV Pilot 1998 Madness Reigns
0%
Film 1996 Mighty Ducks the Movie: The First Face-Off
0%
Audiobook 2001 Morgan's Run
0%
Audiobook 2000 Mr. Phillips
0%
Theater 1986 Mrs Warren's Profession
0%
Film 2005 ¡Mucha Lucha!: The Return of El Maléfico
0%
TV Show 1979 Musikladen
0%
Theater 1986 Neaptide
0%
Audiobook 1993 Nightmares & Dreamscapes
0%
Audiobook 1993 Night Over Water
0%
Theater 1986 Not About Heroes
0%
Audiobook 2008 Not in the Flesh
0%
Audiobook 2006 Peter Pan in Scarlet
0%
TV Show 1999 Pinky, Elmyra & the Brain
0%
TV Show 1972, 1974 Play for Today
0%
Audiobook 2010 Portobello
0%
Theater 1986 Pravda
0%
Documentary 2021 Rocky Horror 45: The Movie
0%
Theater 2011 Rosecrantz and Guildenstern Are Dead
0%
Audiobook 2002 Sabriel
0%
TV Show 1982 Saturday Live
0%
TV Show 1972 Stage 2
0%
Audiobook 1994 Taltos
0%
Video Game 2003 The Adventures of Jimmy Neutron Boy Genius: Jet Fusion
0%
Theater 1986 The American Clock
0%
Audiobook 1992 The Anodyne Necklace
0%
Audiobook 2001 The Bad Beginning
0%
Theater 1986 The Bay at Nice
0%
Audiobook 2005 The Carnivorous Carnival
0%
Audiobook 1997 The Case Has Altered
0%
Theater 1986 The Cherry Orchard
0%
Audiobook 2006 The End
0%
Audiobook 2003 The Ersatz Elevator
0%
Video Game 2002 The Four Horsemen of the Apocalypse
0%
Audiobook 2005 The Grim Grotto
0%
TV Show 2012 The High Fructose Adventures of Annoying Orange
0%
Audiobook 1993 The Horse You Came In On
0%
Audiobook 2004 The Hostile Hospital
0%
Audiobook 1995 The Island of the Day Before
0%
Theater 1986 The Magistrate
0%
Audiobook 1992 The Man With a Load of Mischief
0%
Theater 1986 The Mother
0%
Audiobook 1991 The Old Contemptibles
0%
Audiobook 1992 The Old Silent
0%
Audiobook 2005 The Penultimate Peril
0%
Theater 1986 The Pied Piper
0%
Audiobook 2001 The Reptile Room
0%
Theater 1986 The Road to Mecca
0%
Audiobook 1995 The Silver Lining: A Collection of Poems
0%
Audiobook 2005 The Slippery Slope
0%
Documentary Series 2006 The South Bank Show
0%
TV Show 1978 The Sunday Drama
0%
Audiobook 2003 The Vile Village
0%
Video Game 2000 The Wild Thornberrys: Animal Adventures
0%
Video Game 2000 The Wild Thornberrys: Rambler
0%
Theater 1986 Tons of Money
0%
TV Show 1992-1993 Wild West C.O.W.-Boys of Moo Mesa
0%
Short Film 1978 Wings of Ash: A Dramatization of the Life of Antonin Artaud
0%
No matching quizzes found
Score Distribution
Percent of People with Each Score
Percentile by Number Answered
Your Score History
You have not taken this quiz since the last reset